000 01451cab a2200313 4500
001 ABS46063
008 090401t1992 xxu||||| |||| 00| 0 eng d
035 _a(Sirsi) u56652
041 _aeng
245 _aEnvironment grants for industry I and II
260 _c1992
350 _a0
490 _aEnvironment Information Bulletin
_v(4) February 1992, 14-16; (5) March 1992, 7-10(7)
520 _aPart I looks at two EC funded programmes: the Environment programme and Brite-EuRam II. Includes information on the areas covered by each, the qualifying criteria and procedures for applying for an award. Part II reviews four schemes administered through UK government agencies: Eureka Euroenviron, the Environmental Technology Innovation System, the Environmental Management Option Scheme and the Energy Management Assistance Scheme. Gives details of the areas covered by each scheme, the qualifying criteria, collaboration arrangements and application procedures.
650 _aBRITE-EURAM II
650 _aEC
650 _aENERGY MANAGEMENT ASSISTANCE SCHEME
650 _aENVIRONMENT PROGRAMME
650 _aENVIRONMENTAL MANAGEMENT OPTION SCHEME
650 _aENVIRONMENTAL TECHNOLOGY INNOVATION SYSTEM
650 _aEUREKA EUROENVIRON
650 _aFUNDING
650 _aGRANTS
650 _aRESEARCH AND DEVELOPMENT
690 _aEnvironment
_96238
690 _aEUROPE-SINGLE MARKET
942 _n0
948 _c04/03/1997
999 _c34572
_d34572